Zgadnij państwa na choince - Statystyki

Ogólne statystyki
  • Ten quiz został rozwiązany 28 104 razy
    28 062 od ostatniego zresetowania
  • Średni wynik to 15 z 20
Odpowiedzi na mapie
Odpowiedzi zakodowano w zielono-czerwonej skali na mapie do tego quizu, zgodnie z poniższymi procentami.
 
Statystyki odpowiedzi
Państwo % Poprawnych
Wielka Brytania
98%
Finlandia
97%
Szwecja
97%
Watykan
97%
Islandia
95%
Kanada
90%
Tunezja
89%
Armenia
85%
Bhutan
81%
Barbados
74%
Japonia | Bangladesz
72%
Australia
68%
Haiti
67%
Chiny
61%
Eswatini
57%
Wietnam
56%
Pakistan
52%
Wyspy Marshalla
52%
Liban
47%
Grenada
17%
Nie znaleziono quizów pasujących do podanych kryteriów
Rozkład punktacji
Procent ludzi z każdym wynikiem
Percentyl według liczby udzielonych odpowiedzi
Twoja historia wyników
Nie rozwiązałeś tego quizu od ostatniego zresetowania